U.S. Cities That Held George Floyd Protests - Statistics

General Stats
  • This quiz has been taken 174 times
  • The average score is 58 of 123
Answer Stats
Answer Where? % Correct
New York City Union Square & City Hall
92%
Minneapolis 3rd Precinct Police Station
90%
Los Angeles Pan Pacific Park
85%
Chicago Millennium Park & Trump Tower
81%
Joliet Caton Farm Road and Route 59
81%
Coral Gables Police Department
80%
Miami Bayside Marketplace & Downtown
80%
Pasadena Colorado Blvd and Fair Oaks Ave
80%
Beverly Hills Rodeo Drive
79%
Santa Monica Ocean Front Walk & Police Station
79%
Washington D.C. White House
79%
Dallas Police Headquarters
77%
Houston Multiple Locations
77%
Boston Peters Park & Precinct 4
75%
Detroit Downtown
75%
Framingham Downtown
75%
San Francisco UN Plaza
75%
Seattle Downtown & Captiol Hill
75%
Portland, ME Downtown & Franklin Street
74%
Portland, OR Multnomah County Justice Center
74%
Atlanta Centennial Olympic Park & CNN Center
72%
La Mesa Police Department
71%
San Diego Hall of Justice
71%
Austin Police Headquarters & I-35
70%
Phoenix City Government Building
70%
Vallejo Wilson Park & Police Department
70%
Philadelphia City Hall & Museum of Art
68%
Jackson Downtown & State Capitol
67%
Las Vegas Regional Justice Center & The Strip
67%
New Orleans North Claiborne & Esplanade Avenues
66%
Indianapolis Downtown
64%
Columbus Statehouse & Interstate 71
63%
Denver State Capitol & Interstate 25
63%
Sacramento I-5 & Downtown
63%
Jacksonville Sheriff's Office
62%
St. Louis Interstate 64 & Downtown
62%
Cleveland Multiple Locations
60%
Kansas City Country Club Plaza & Westport
60%
Nashville Legislative Plaza & Police Department
60%
Orlando Downtown
60%
St. Petersburg City Hall & Police Headquarters
60%
Windermere Derek Chauvin's Summer Home
60%
Charlotte Uptown & Interstate 277
59%
Memphis Union Avenue & Beale Street
59%
Pittsburgh Downtown
59%
Salt Lake City State Capitol Building
59%
San Antonio Public Safety Headquarters
59%
Tampa Downtown
59%
Albuquerque Multiple Locations
57%
Baltimore City Hall
57%
Cincinnati Interstate 74 & Downtown
57%
Milwaukee Multiple Locations
57%
Raleigh Wake County Justice Center
57%
Oklahoma City Golden Dome & Plaza District
56%
San Jose Highway 101 & City Hall
55%
Buffalo City Hall
54%
Charleston Downtown
53%
Albany Townsend Park
52%
Birmingham Downtown
52%
Hoover U.S. Route 31
52%
Boise State Capitol
49%
Louisville Downtown & City Hall
49%
Omaha Multiple Locations
49%
Springfield Police Headquarters
49%
Madison State Capitol & State Street
48%
Richmond Monroe Park
48%
Honolulu State Capitol
47%
Oakland Police Department & Interstate 880
47%
Tallahassee Old Capitol Building
47%
Des Moines Downtown & Federal Courthouse
46%
Montgomery State Capitol
46%
Little Rock State Capitol
44%
Tulsa Interstate 44
44%
Newark Market Street
43%
Rochester Downtown & Public Safety Building
42%
Santa Fe State Capitol
42%
Anchorage Town Square & Midtown
41%
Columbia Statehouse & Police Station
41%
Hartford State Capitol
41%
Knoxville Police Headquarters & Downtown
41%
Lincoln State Capitol
41%
Reno Downtown & City Hall
38%
Providence State House Lawn
36%
Fargo Island Park & Police Station
34%
Grand Rapids Rosa Parks Circle & Police Department
33%
Trenton Statehouse
30%
Fontana Downtown & City Hall
29%
Bakersfield Downtown & Truxtun Avenue
28%
Durham Downtown
28%
Eugene Downtown & Highway I-105
28%
Juneau State Capitol
28%
Olympia State Capitol
28%
Orange Orange Plaza
26%
Wilmington Downtown & I-95
25%
Erie Perry Square
24%
Fort Wayne Allen County Courthouse & Main Street
24%
Harrisburg State Capitol
24%
Duluth Downtown
23%
Tacoma Downtown
22%
Allentown Seventh and Hamilton Streets
20%
Cedar Rapids Linn County Courthouse
20%
Bethlehem Rose Garden & City Hall
19%
Burlington Battery Park & Police Department
19%
Fayetteville Historic Market House
19%
Boulder Multiple Locations
17%
Bridgeport Route 8
17%
Fairbanks Downtown
17%
Montpelier State and Main Street & State Capitol
17%
South Bend Downtown
17%
Huntsville Downtown
16%
Scranton Courthouse Square
14%
Charlottesville University Avenue & Police Station
13%
Lancaster Downtown
10%
Davenport LaClaire Park
9%
Gainesville Downtown
9%
Missoula County Courthouse
9%
Ogden City Municipal Building
9%
Bloomington Veterans Parkway
7%
Idaho Falls Broadway Bridge
7%
Bowling Green Police Department
4%
Santa Rosa Downtown & Sonoma County Jail
4%
Waterloo Downtown
3%
Temecula Downtown
0%
No matching quizzes found
Score Distribution
Percent of People with Each Score
Percentile by Number Answered
Your Score History
You have not taken this quiz